Sports Quiz

Random Sports or NFL Quiz
Score 0/39 Timer 06:00
0 Plays Today
Team Triplet % Correct
ColtsPeyton Manning
98.7%
CowboysTroy Aikman
97.5%
49ersJoe Montana
97.1%
RamsKurt Warner
95%
BroncosJohn Elway
94.6%
SteelersTerry Bradshaw
93.7%
BillsJim Kelly
93.3%
ColtsJohnny Unitas
85.8%
CowboysRoger Staubach
84.1%
ChargersDan Fouts
80.8%
DolphinsBob Griese
73.2%
VikingsRandall Cunningham
67.8%
RedskinsJoe Theismann
64%
49ersJerry Rice
55.6%
CowboysEmmitt Smith
54.8%
BroncosRod Smith
54%
VikingsRobert Smith
54%
CowboysMichael Irvin
52.7%
ColtsMarvin Harrison
51.9%
SteelersFranco Harris
51.5%
Team Triplet % Correct
RamsMarshall Faulk
51%
ColtsEdgerrin James
49%
BroncosTerrell Davis
47.7%
BillsThurman Thomas
47.3%
RamsIssac Bruce
47.3%
SteelersLynn Swann
44.8%
VikingsRandy Moss
44.8%
BillsAndre Reed
41.8%
DolphinsLarry Csonka
38.1%
49ersRoger Craig
37.2%
CowboysTony Dorsett
36.4%
RedskinsJohn Riggins
32.6%
RedskinsArt Monk
25.1%
CowboysDrew Pearson
23.4%
ColtsRaymond Berry
20.5%
DolphinsWarfield
13.4%
ColtsLenny Moore
9.6%
ChargersJohn Jefferson
7.9%
ChargersChuck Muncie
6.7%
Remove Ads.
Support Sporcle.
Get the best of Sporcle when you Go Orange. This ad-free experience offers more features, more stats, and more fun while also helping to support Sporcle. Thank you for becoming a member.

You're not logged in!

Compare scores with friends on all Sporcle quizzes.
OR
Log In

Show Comments

Extras

Created Nov 23, 2010ReportNominate
Tags:NFL Quiz

Top Quizzes Today


Score Distribution

Your Account Isn't Verified!

In order to create a playlist on Sporcle, you need to verify the email address you used during registration. Go to your Sporcle Settings to finish the process.

Report this User

Report this user for behavior that violates our Community Guidelines.

Details: